000 01520nam a2200421 c 4500
001 23382
003 ES-MaCES
005 20160629131908.0
008 101118s2010 lu bd t m000 | eng d
020 _a978927916978
035 _aCES20100008851m
040 _aES-MaCES
_bspa
_cES-MaCES
245 0 0 _aInvesting in Europe's future
_b: fifth report on economic, social and territorial cohesion : preliminary version
_creport from the Commission
260 _aLuxembourg
_bPublications Office of the European Union
_c2010
300 _aXXXIV, 264 p.
_bgráf., mapas col.
_c30 cm
500 _aTít. tomado de la cub
500 _aAnteriormente, el 4º informe publ. en español
500 _aEjemp. fotocopiado
541 _cGratuito
650 4 _acohesión social
_930743
650 4 _aintegración económica
_927962
650 4 _adesarrollo regional
_929186
650 4 _aconvergencia
_930771
650 4 _acompetitividad
_928270
650 4 _apolítica regional
_930779
650 4 _apolítica comunitaria
_930776
650 4 _apolítica gubernamental
_927211
650 4 _ainforme preliminar
_928983
653 1 0 _aDesarrollo regional
650 4 _929234
_adesarrollo económico y social
650 4 _929020
_apaís de la UE
650 4 _926752
_aUE
787 0 _tCrecimiento de las regiones, desarrollo en Europa
_w(ES-MaCES)21055
710 2 _92014
_aComisión de las Comunidades Europeas
902 _aLIB Libro
942 _2CES
_cBK
_h1.1.
999 _c23382
_d23382